000 00871cab a2200265 4500
001 ABS57309
008 090401t1997 xxu||||| |||| 00| 0 eng d
035 _a(Sirsi) u80009
041 _aeng
100 _aSydenham, A.
245 _aComparables for rent reviews
260 _c1997
350 _a0
490 _aFarm Tax Brief
_v12(7) July 1997, 55-56(2)
520 _aLooks at the political and legal arguments against using rents under Farm Business Tenancies as valid comparables when reviewing rents under the Agriclututral Holdings Act 1986.
650 _aAGRICULTURAL HOLDINGS ACT 1986
650 _aAGRICULTURAL TENANCIES ACT 1995
650 _aCOMPARABLES
650 _aFARM BUSINESS TENANCIES
650 _aRENT REVIEWS
650 _aRENTAL LEVELS
690 _aLANDLORD AND TENANT-AGRICULTURAL TENANCIES
942 _n0
948 _c30/07/1997
999 _c50353
_d50353